¡No rompas los huevos! - Estadísticas

Estadísticas generales
  • Esta prueba ha sido intentada 6.993 veces
  • La puntuación promedio es 7 de 27
Answers on the Grid
Answers color-coded by a green-red scale on the quiz's grid according to % correct below.
 
Estadísticas de respuestas
Respuesta % Correcto
31%
31%
30%
30%
30%
29%
29%
29%
28%
27%
27%
27%
27%
27%
27%
27%
27%
26%
26%
26%
26%
26%
26%
26%
26%
25%
24%
No se encontraron pruebas coincidentes
Distribución de puntuación
Porcentaje de gente con cada puntuación
Porcentaje por número respondido
Historial de tus puntuaciones
No has intentado esta prueba.